LEADER 01776nam2 2200325 i 450 001 SUN0003256 005 20111111015328.907 010 $a88-02-04719-7 100 $a20020709d1993 |0itac50 ba 101 $aita 102 $aIT 105 $a|||| ||||| 200 1 $aˆ1: ‰Introduzione allo studio del diritto penale$ela legge penale, il reato$fCarlo Fiore 210 $aTorino$cUtet$d1993 215 $aXVIII, 425 p.$d24 cm. 461 1$1001SUN0004923$12001 $aDiritto penale$eparte generale$fCarlo Fiore$v1$1210 $aTorino$cUtet$1215 $av.$d24 cm. 606 $aMisure alternative alla detenzione$xLegislazione$2FI$3SUNC002132 620 $dTorino$3SUNL000001 676 $a345.450773$v21 700 1$aFiore$b, Carlo$3SUNV004448$0224755 712 $aUTET$3SUNV000072$4650 801 $aIT$bSOL$c20200127$gRICA 912 $aSUN0003256 950 $aUFFICIO DI BIBLIOTECA DEL DIPARTIMENTO DI GIURISPRUDENZA$d00CONS XIV.Ca.22 quinque $e00 4627 20200120 950 $aUFFICIO DI BIBLIOTECA DEL DIPARTIMENTO DI GIURISPRUDENZA$d00CONS XIV.Ca.22 1 quater $e00 4206 20020709 950 $aUFFICIO DI BIBLIOTECA DEL DIPARTIMENTO DI GIURISPRUDENZA$d00CONS XIV.Ca.22 1 ter $e00 4630 20020709 950 $aUFFICIO DI BIBLIOTECA DEL DIPARTIMENTO DI GIURISPRUDENZA$d00CONS XIV.Ca.22 1 $e00 4628 20020709 950 $aUFFICIO DI BIBLIOTECA DEL DIPARTIMENTO DI GIURISPRUDENZA$d00CONS XIV.Ca.22 1 bis $e00 4629 20050217 996 $aIntroduzione allo studio del diritto penale$9874293 997 $aUNICAMPANIA LEADER 02198nam 2200601 a 450 001 9910208834003321 005 20230803211254.0 010 $a1-118-70051-1 010 $a1-118-70049-X 010 $a1-118-70050-3 035 $a(CKB)4330000000003004 035 $a(MiAaPQ)EBC1367694 035 $a(DLC) 2013025948 035 $a(Au-PeEL)EBL1367694 035 $a(CaPaEBR)ebr10753371 035 $a(CaONFJC)MIL514365 035 $a(OCoLC)862821097 035 $a(EXLCZ)994330000000003004 100 $a20130617d2014 uy 0 101 0 $aeng 135 $aurcn||||||||| 181 $2rdacontent 182 $2rdamedia 183 $2rdacarrier 200 00$aGuide to load analysis for durability in vehicle engineering$b[electronic resource] /$feditors, P. Johannesson, M. Speckert ; [contributors, Klaus Dressler ... [et al.]] 205 $a1st ed. 210 $aChichester, West Sussex $cJohn Wiley & Sons Inc.$d2014 215 $axx, 434 p. $cill. (some col.) 225 0 $aAutomotive series ;$v1 311 $a1-118-64831-5 311 $a1-299-83114-1 320 $aIncludes bibliographical references and index. 327 $apt. I. Overview -- pt. II. Methods for load analysis -- pt. III. Load analysis in view of the vehicle design process. 330 $a"Covers the use of established computational methods, such as finite element method (FEM) and multi body simulation (MBS), and their appropriate use within load analysis for durability"--$cProvided by publisher. 410 0$aAutomotive series (Wiley) 606 $aTrucks$xDynamics 606 $aFinite element method 606 $aTrucks$xDesign and construction 615 0$aTrucks$xDynamics. 615 0$aFinite element method. 615 0$aTrucks$xDesign and construction. 676 $a629.2/31 686 $aTEC009090$2bisacsh 701 $aJohannesson$b Par$0997124 701 $aSpeckert$b Michael$0997125 701 $aDressler$b Klaus$0997126 801 0$bMiAaPQ 801 1$bMiAaPQ 801 2$bMiAaPQ 906 $aBOOK 912 $a9910208834003321 996 $aGuide to load analysis for durability in vehicle engineering$92286640 997 $aUNINA